Central Library OPAC University of Rajshahi
Normal view MARC view

Entry Personal Name

Number of records used in: 2

001 - CONTROL NUMBER

  • control field: 14806

003 - CONTROL NUMBER IDENTIFIER

  • control field: BD-RjUL

005 - DATE AND TIME OF LATEST TRANSACTION

  • control field: 20250117162656.0

008 - FIXED-LENGTH DATA ELEMENTS

  • fixed length control field: 250117|| aca||aabn | a|a d

040 ## - CATALOGING SOURCE

  • Original cataloging agency: BD-RjUL
  • Transcribing agency: BD-RjUL

100 ## - HEADING--PERSONAL NAME

  • Personal name: Grimble, Arthur Francis,
  • Titles and other words associated with a name: Sir,
  • Dates associated with a name: 1888-1956.
  • Title of a work: Pattern of islands

670 ## - SOURCE DATA FOUND

  • Source citation: Work cat.: (BD-RjUL)84598: Grimble,, Arthur 14805, A pattern of islands /, 1955.